Pravica na Zemplíne sa rozhádala

Bibliographic Details
Main Author: Janáč, Milo, 1975- (Author)
Format: Article
Language:Slovak
ISSN:1335-4051
Subjects:

MARC

LEADER 00000nab a2200000 a 4500
001 vtls008872979
003 SK-MaSNL
005 20260304203959.0
008 061103c20061011xo ur| 0 0slo
038 |a RVGKPD 
040 |a RVGKPD  |b slo  |c RVGKPD  |e AACR2 
041 |a slo 
044 |a xo  |c SK 
080 |a 324  |x (437.6)  |2 1997 
100 1 |a Janáč, Milo,  |d 1975-  |4 aut  |9 193756 
245 1 0 |a Pravica na Zemplíne sa rozhádala  |c Milo Janáč 
648 7 |a 2006  |2 rvgkpd  |9 313148 
650 0 7 |a komunálne voľby  |2 rvgkpd  |9 4164 
650 0 7 |a koalície  |2 rvgkpd  |9 40058 
651 7 |a Zemplín (Slovensko : región)  |2 rvgkpd  |9 16697 
773 0 |t Pravda  |g Roč. XVI, č. 234 (11.10.2006), s. 4  |x 1335-4051 
852 |a RVGKPD  |b KIS3G 
992 |a RBX 
999 |c 3113621  |d 3115551